[Event "POL-sf U17 MA+WM"]
[Site "Besia"]
[Date "2007.10.25"]
[Round "10.5"]
[White "Baturo, Tomasz"]
[Black "Plichta, Adam"]
[Result "1-0"]
[WhiteElo "2080"]
[BlackElo "1836"]
[PlyCount "83"]
[EventDate "2007.10.21"]
[EventType "tourn"]
[EventRounds "10"]
[EventCountry "POL"]
[SourceTitle "EXT 2023"]
[Source "ChessBase"]
[SourceDate "2022.10.05"]
[SourceVersion "1"]
[SourceVersionDate "2022.10.05"]
[SourceQuality "1"]

1. e4 e6 2. d4 d5 3. Nd2 dxe4 4. Nxe4 Bd7 5. Nf3 Bc6 6. Bd3 Nd7 7. Qe2 Ngf6 8. 0-0 Nxe4 9. Bxe4 Bxe4 10. Qxe4 c6 11. Qe2 Bd6 12. c4 0-0 13. Bd2 Qc7 14. Bc3 Rfe8 15. Rfe1 b6 16. Rad1 Rad8 17. Rd3 c5 18. Red1 Bf4 19. g3 Bh6 20. Ne5 Nxe5 21. Qxe5 Qxe5 22. dxe5 Bg5 23. Rd7 Kf8 24. f4 Be7 25. Kg2 Ra8 26. Kf3 Red8 27. g4 g6 28. f5 Ke8 29. Rxd8+ Rxd8 30. Rxd8+ Kxd8 31. Kf4 h6 32. f6 Bf8 33. a3 a5 34. Ke4 Kc7 35. Kd3 Kc6 36. Kc2 a4 37. b3 axb3+ 38. Kxb3 Kb7 39. Ka4 Ka6 40. h3 Ka7 41. Kb5 Kb7 42. a4 1-0

[Event "POL-sf U17 MA+WM"]
[Site "Besia"]
[Date "2007.10.23"]
[Round "6.4"]
[White "Goslawski, Michal"]
[Black "Baturo, Tomasz"]
[Result "0-1"]
[WhiteElo "1862"]
[BlackElo "2080"]
[PlyCount "40"]
[EventDate "2007.10.21"]
[EventType "tourn"]
[EventRounds "10"]
[EventCountry "POL"]
[SourceTitle "EXT 2023"]
[Source "ChessBase"]
[SourceDate "2022.10.05"]
[SourceVersion "1"]
[SourceVersionDate "2022.10.05"]
[SourceQuality "1"]

1. e4 d5 2. exd5 Nf6 3. d4 Nxd5 4. Nf3 g6 5. c4 Nb6 6. Be2 Bg7 7. h3 0-0 8. 0-0 Nc6 9. d5 Ne5 10. Nbd2 Nxf3+ 11. Nxf3 e6 12. Bg5 Qd6 13. Qc2 Qb4 14. Rab1 exd5 15. Bd2 Qa4 16. b3 Qc6 17. Bb4 Bf5 18. Bd3 Bxd3 19. Qxd3 dxc4 20. bxc4 Rfd8 0-1

[Event "POL-sf U17 MA+WM"]
[Site "Besia"]
[Date "2007.10.22"]
[Round "4.3"]
[White "Flis, Radoslaw"]
[Black "Baturo, Tomasz"]
[Result "0-1"]
[WhiteElo "1937"]
[BlackElo "2080"]
[PlyCount "128"]
[EventDate "2007.10.21"]
[EventType "tourn"]
[EventRounds "10"]
[EventCountry "POL"]
[SourceTitle "EXT 2023"]
[Source "ChessBase"]
[SourceDate "2022.10.05"]
[SourceVersion "1"]
[SourceVersionDate "2022.10.05"]
[SourceQuality "1"]

1. e4 c5 2. Nf3 Nc6 3. d4 cxd4 4. Nxd4 Nf6 5. Nc3 e5 6. Ndb5 d6 7. Bg5 a6 8. Na3 Be6 9. Nc4 Rc8 10. Bxf6 Qxf6 11. Nb6 Rb8 12. Ncd5 Qd8 13. c3 Be7 14. Bc4 0-0 15. 0-0 Bg5 16. a4 Ne7 17. a5 Nxd5 18. Bxd5 Qe7 19. Qd3 Bg4 20. b4 Kh8 21. Rab1 g6 22. b5 axb5 23. Qxb5 Bf4 24. Qd3 f5 25. Rb2 Rf6 26. h3 Bh5 27. Bb3 fxe4 28. Qxe4 Rf5 29. Bd1 Bxd1 30. Rxd1 Bh6 31. Nc4 Rf4 32. Qd5 Bf8 33. a6 b5 34. Rxb5 Rxb5 35. Qxb5 Qc7 36. Ne3 Qa7 37. Qb7 Rf7 38. Qxa7 Rxa7 39. Ra1 Be7 40. Nd5 Bd8 41. Nb4 Bb6 42. Kf1 Kg7 43. f3 Kf7 44. Nc6 Ra8 45. a7 Ke6 46. Rb1 Bxa7 47. Ra1 Rc8 48. Nxa7 Rxc3 49. Nb5 Rc5 50. Na3 d5 51. Rd1 d4 52. Nb1 Kd5 53. Ke2 Rc2+ 54. Nd2 Rc3 55. Ne4 Rc4 56. Rb1 h6 57. Rd1 Rc2+ 58. Kf1 Kc4 59. Nf6 d3 60. Ne4 Kd4 61. Rd2 h5 62. Kf2 Rc1 63. Ng5 Rc2 64. Ne6+ Kc3 0-1

[Event "POL-sf U17 MA+WM"]
[Site "Besia"]
[Date "2007.10.21"]
[Round "1.4"]
[White "Baturo, Tomasz"]
[Black "Gluszko, Tomasz"]
[Result "1/2-1/2"]
[WhiteElo "2080"]
[BlackElo "2159"]
[PlyCount "24"]
[EventDate "2007.10.21"]
[EventType "tourn"]
[EventRounds "10"]
[EventCountry "POL"]
[SourceTitle "EXT 2023"]
[Source "ChessBase"]
[SourceDate "2022.10.05"]
[SourceVersion "1"]
[SourceVersionDate "2022.10.05"]
[SourceQuality "1"]

1. e4 c6 2. d4 d5 3. exd5 cxd5 4. Bd3 g6 5. c3 Nh6 6. Nf3 Bf5 7. 0-0 Nc6 8. Re1 Bxd3 9. Qxd3 Bg7 10. Nbd2 0-0 11. Nf1 Nf5 12. Be3 Nxe3 1/2-1/2

[Event "POL-chT 2nd League"]
[Site "Wysowa"]
[Date "2007.09.10"]
[Round "8"]
[White "Kazmierczak, Rafal"]
[Black "Baturo, Tomasz"]
[Result "1/2-1/2"]
[WhiteElo "2179"]
[BlackElo "2053"]
[PlyCount "31"]
[EventDate "2007.09.03"]
[EventType "team-swiss"]
[EventRounds "9"]
[EventCountry "POL"]
[SourceTitle "EXT 2010"]
[Source "ChessBase"]
[SourceDate "2010.11.25"]
[SourceVersion "1"]
[SourceVersionDate "2010.11.25"]
[SourceQuality "1"]
[WhiteTeam "Olsztyn AZS UMW"]
[BlackTeam "Olsztyn Trzydziestka"]
[WhiteTeamCountry "POL"]
[BlackTeamCountry "POL"]

1. e4 c5 2. Nc3 Nc6 3. Nge2 Nf6 4. g3 g6 5. Bg2 Bg7 6. 0-0 d6 7. f4 e6 8. d3 0-0 9. h3 Ne8 10. Be3 Nd4 11. Rb1 a5 12. a4 Nc7 13. g4 f5 14. Bf2 fxg4 15. hxg4 e5 16. f5 1/2-1/2

[Event "POL-chT 2nd League"]
[Site "Wysowa"]
[Date "2007.09.05"]
[Round "3"]
[White "Baturo, Tomasz"]
[Black "Lewandowski, Rafal"]
[Result "1-0"]
[WhiteElo "2053"]
[BlackElo "2182"]
[PlyCount "35"]
[EventDate "2007.09.03"]
[EventType "team-swiss"]
[EventRounds "9"]
[EventCountry "POL"]
[SourceTitle "EXT 2010"]
[Source "ChessBase"]
[SourceDate "2010.11.25"]
[SourceVersion "1"]
[SourceVersionDate "2010.11.25"]
[SourceQuality "1"]
[WhiteTeam "Olsztyn Trzydziestka"]
[BlackTeam "Swiecie Gambit"]
[WhiteTeamCountry "POL"]
[BlackTeamCountry "POL"]

1. e4 c5 2. c3 Nf6 3. e5 Nd5 4. d4 cxd4 5. Nf3 e6 6. cxd4 b6 7. Nc3 Nxc3 8. bxc3 Qc7 9. Qb3 Be7 10. Ba3 d6 11. Bd3 Bb7 12. exd6 Bxd6 13. Nd2 0-0 14. Ne4 Bxa3 15. Qxa3 f5 16. Ng5 Bxg2 17. Qxf8+ Kxf8 18. Nxe6+ 1-0